| 000 | 00881nam a22002415i 4500 | ||
|---|---|---|---|
| 001 | 162131 | ||
| 003 | ES-MaACL | ||
| 005 | 20230906212433.0 | ||
| 008 | 041104q18681879sp |||| | spa d | ||
| 040 |
_aCAM _bspa _cCAM |
||
| 080 | _a821.133.1-31"17" | ||
| 100 | 1 |
_aPigault-Lebrun ( _d1753-1835) _9131157 |
|
| 245 | 1 | 3 |
_aUn matrimonio desigual (el egoísmo) _b: novela festiva / _cPigault-Lebrun ; traducida por Eduardo Quilez. |
| 260 |
_aMadrid : _bUrbano Manini, editor, _c[s.a.] ( _fTipografía Gutenberg) |
||
| 300 |
_a240 p. ; _c18 cm. |
||
| 490 | 1 | _aBiblioteca de lujo | |
| 596 | _aUrbano Manini parece que ejerce ca. 1868-1879. | ||
| 700 | 0 |
_aQuílez, Eduardo. _994626 |
|
| 830 | 0 |
_aBiblioteca de lujo _9188378 |
|
| 852 |
_aES-MaACL _jD-3565 _z-- Rúst. _z-- Legado de Modesto de la Fuente |
||
| 852 |
_aES-MaACL _jF-9087 _z-- Enc. hol. |
||
| 999 |
_c162131 _d162131 |
||